000 01183nam a2200313 a 4500
999 _c1983
_d1983
001 2055618
003 GZU
005 20201026123645.0
008 930218s1992 dcua b i000 0 eng
010 _a 93117049
020 _a1557753121
040 _aDLC
_cDLC
043 _an-mx---
050 0 0 _aHC135
_b.MEX 1992
245 0 0 _aMexico :
_bthe strategy to achieve sustained economic growth /
_cedited by Claudio Loser and Eliot Kalter ; with a staff team comprising Sharmini Coorey ... [et al.].
260 _aWashington, DC :
_bInternational Monetary Fund,
_cc1992.
300 _avii, 91 p. :
_bill. ;
_c28 cm.
490 1 _aOccasional paper,
_x0251-6365 ;
_v99
500 _a"September 1992."
504 _aIncludes bibliographical references.
651 0 _aMexico
_xEconomic policy
_y1970-
651 0 _aMexico
_xEconomic conditions
_y1982-
700 1 _aLoser, Claudio M.,
_d1943-
_eeditor
700 1 _aKalter, Eliot.
_eeditor
830 0 _aOccasional paper (International Monetary Fund) ;
_vno. 99.
906 _a7
_bcbc
_corignew
_d2
_encip
_f19
_gy-gencatlg
942 _2lcc
_cBK
_h135
_iMEX
_kHC